Statistics for Biggest Municipalities in Nova Scotia

Click here to take the quiz!

General Stats

  • This quiz has been taken 125 times
  • The average score is 8 of 20

Answer Stats

PopulationMunicipality% Correct
390,096Halifax
99%
12,059Truro
71%
6,791Yarmouth
65%
10,105Yarmouth
65%
97,398Cape Breton
62%
4,524Antigonish
54%
9,717Amherst
43%
8,241Bridgewater
43%
25,118Lunenburg
43%
9,562New Glasgow
40%
7,463Digby
36%
6,094Kentville
31%
22,111East Hants
26%
14,165West Hants
26%
10,917Queens
17%
4,485Stellarton
15%
8,319Clare
13%
10,599Chester
12%
6,994Barrington
5%
8,252Argyle
4%

Score Distribution

Percentile by Number Answered

Percent of People with Each Score

Your Score History

You have not taken this quiz